000 00534nam a2200217 a 4500
999 _c4276
_d4276
001 4276
003 BD-JhCC
005 20171125192037.0
008 171125b e |||| || | 000 0 eng d
035 _a(BD-JhCC)4276
040 _aBD-JhCC
_dBD-JhCC
041 _aeng
082 _a796
_bShe
100 _aSheridhan, Richard
245 _aThe Rivals /
_cRichard Sheridhan
260 _aLondon :
_bUniversity tutorials Press LTD,
300 _a120 p. :
_bill. ;
_e17 cm.
650 _aSports.
942 _2ddc
_cBK